Fundamentals of microbiology / (Record no. 12159)
[ view plain ]
| 000 -LEADER | |
|---|---|
| fixed length control field | 00790pam a2200265 a 4500 |
| 001 - CONTROL NUMBER | |
| control field | 12159 |
| 003 - CONTROL NUMBER IDENTIFIER | |
| rucl marc code | BD-RjUL |
| 005 - DATE AND TIME OF LATEST TRANSACTION | |
| control field | 20211208235239.0 |
| 008 - FIXED-LENGTH DATA ELEMENTS--GENERAL INFORMATION | |
| fixed length control field | 140128s1997 caua b 001 0 eng |
| 020 ## - INTERNATIONAL STANDARD BOOK NUMBER | |
| International Standard Book Number | 0805305327 |
| 035 ## - SYSTEM CONTROL NUMBER | |
| System control number | (BD-RjUL)12208 |
| 040 ## - CATALOGING SOURCE | |
| Original cataloging agency | DLC |
| Transcribing agency | DLC |
| Modifying agency | DLC |
| -- | BD-RjUL |
| Language of cataloging | eng |
| 041 ## - LANGUAGE CODE | |
| Language code of text/sound track or separate title | eng |
| 082 00 - DEWEY DECIMAL CLASSIFICATION NUMBER | |
| Classification number | 579 |
| Edition number | 23 |
| Author mark and year | ALF 1997 |
| 100 1# - MAIN ENTRY--PERSONAL NAME | |
| Personal name | Alcamo, I. Edward. |
| 9 (RLIN) | 37653 |
| 245 10 - TITLE STATEMENT | |
| Title | Fundamentals of microbiology / |
| Statement of responsibility, etc. | I. Edward Alcamo. |
| 250 ## - EDITION STATEMENT | |
| Edition statement | 5th ed. |
| 260 ## - PUBLICATION, DISTRIBUTION, ETC. (IMPRINT) | |
| Place of publication, distribution, etc. | Menlo Park, Calif. : |
| Name of publisher, distributor, etc. | Benjamin Cummings, |
| Date of publication, distribution, etc. | c1997. |
| 300 ## - PHYSICAL DESCRIPTION | |
| Pagination | xxiii, 877 p. : |
| Illustrations | ill. ; |
| Size | 29 cm. |
| 504 ## - BIBLIOGRAPHY, ETC. NOTE | |
| Bibliography, etc | Includes bibliographical references (p. 815-824) and index. |
| 650 #0 - SUBJECT ADDED ENTRY--TOPICAL TERM | |
| Topical term or geographic name as entry element | Microbiology. |
| 9 (RLIN) | 37402 |
| Topical term or geographic name as entry element | Medical microbiology. |
| 9 (RLIN) | 37654 |
| 942 ## - ADDED ENTRY ELEMENTS (KOHA) | |
| Source of classification or shelving scheme | Dewey Decimal Classification |
| Koha item type | Books |
| Lost status | Source of classification or shelving scheme | Damaged status | Not for loan | Collection code | Permanent Location | Current Location | Shelving location | Date acquired | Source of acquisition | Cost, normal purchase price | Total Checkouts | Full call number | Date last seen | Date checked out | Copy number | Koha item type | Total Renewals |
|---|---|---|---|---|---|---|---|---|---|---|---|---|---|---|---|---|---|
| Dewey Decimal Classification | Non-fiction | Central Library, University of Rajshahi | Central Library, University of Rajshahi | 11/07/1999 | Syntex Chittagong | 58.50 | 3 | 579 ALF 1997 | 26/12/2023 | 13/12/2023 | C-3 | Books | |||||
| Dewey Decimal Classification | Non-fiction | Central Library, University of Rajshahi | Central Library, University of Rajshahi | 11/07/1999 | Chittagong, Syntex | 58.50 | 2 | 576 ALF 1997 | 30/10/2022 | 25/08/2022 | C-2 | Books | |||||
| Dewey Decimal Classification | Not For Loan | Non-fiction | Central Library, University of Rajshahi | Central Library, University of Rajshahi | Reading Room | 11/07/1999 | Chittagong, Syntex | 58.50 | 579 ALF 1997 | 06/05/2017 | C-1 | Books | |||||
| Dewey Decimal Classification | Non-fiction | Central Library, University of Rajshahi | Central Library, University of Rajshahi | 11/07/1999 | Syntex Chittagong | 58.50 | 579 ALF 1997 | 21/05/2017 | C-4 | Books | |||||||
| Dewey Decimal Classification | Non-fiction | Central Library, University of Rajshahi | Central Library, University of Rajshahi | 11/07/1999 | Syntex Chittagong | 58.50 | 2 | 579 ALF 1997 | 04/08/2019 | 16/07/2019 | C-5 | Books | 1 | ||||
| Dewey Decimal Classification | Non-fiction | Central Library, University of Rajshahi | Central Library, University of Rajshahi | 11/07/1999 | Chittagong, Syntex | 58.50 | 579 ALF 1997 | 03/09/2018 | C-6 | Books |